000 00307nam a22001457a 4500
008 230907b ||||| |||| 00| 0 eng d
020 _a78165154
041 _aeng
080 _a521
082 _a521RON
100 _a19
101 _aASTRO
245 _aINVISIBLE ASTRONOMY
_cRONAN.C
942 _2udc
_cBK
999 _c60287
_d60287